Pokemon - Les attaques de Vipélierre - Statistiques

Statistiques générales
  • Ce quiz a été pris 24 fois
  • Le résultat moyen est 10 sur 15
Statistiques - réponses
Niveaux Types Noms des attaques % Correct
Départ Normal Charge
100%
Niveau 7 Plante Fouet Lianes
94%
Niveau 16 Plante Phytomixeur
88%
Niveau 4 Normal Groz'Yeux
82%
Niveau 43 Plante Tempête Verte
76%
Niveau 31 Poison Enroulement
71%
Niveau 34 Plante Giga-Sangsue
71%
Niveau 22 Plante Méga-Sangsue
71%
Niveau 19 Plante Vampigraine
71%
Niveau 10 Normal Ligotage
59%
Niveau 28 Plante Lame-Feuille
53%
Niveau 40 Poison Suc Digestif
47%
Niveau 25 Normal Souplesse
41%
Niveau 13 Normal Croissance
35%
Niveau 37 Normal Essorage
24%
Aucun quiz correspondant
Distribution des résultats
% des personnes avec chaque résultat
Percentile par nombre de réponses
Votre historique - résultats
Vous n’avez pas pris ce quiz